00409nam a22001337a 450000500170000000800410001704100130005808200130007110000120008424500390009626000860013530000280022165000260024920240604092605.0240604b |||||||| |||| 00| 0 eng d aEnglish  a349 LAW  lEnglish aThe Law reports: Chancery Division aLondon: bThe Incorporated Council of Law Reporting for England and Wales, c1942 bx, 478 pages; c25 cm.  aLegal practice bLaw